书目信息 |
| 题名: |
音乐剧指南
|
|
| 作者: | 普弗里希特 , Pflicht 编著 ;杨祖群 译 | |
| 分册: | ||
| 出版信息: | 长沙 湖南文艺出版社 2008.01 |
|
| 页数: | 447页 | |
| 开本: | 23cm | |
| 丛书名: | ||
| 单 册: | ||
| 中图分类: | J833 | |
| 科图分类: | ||
| 主题词: | 歌舞剧--简介--世界 | |
| 电子资源: | ||
| ISBN: | 978-7-5404-4064-0 | |
| 000 | 00894nam0 2200253 450 | |
| 001 | 012004219765 | |
| 005 | 20091221094814.16 | |
| 010 | @a978-7-5404-4064-0@dCNY48.00 | |
| 100 | @a20080311d2008 em y0chiy0110 ea | |
| 101 | 1 | @achi@cger |
| 102 | @aCN@b430000 | |
| 105 | @aa z 000yd | |
| 106 | @ar | |
| 200 | 1 | @a音乐剧指南@9yin yue ju zhi nan@f施特凡·普弗里希特(Stephan Pflicht)编著@g杨祖群译 |
| 210 | @a长沙@c湖南文艺出版社@d2008.01 | |
| 215 | @a447页@c剧照@d23cm | |
| 330 | @a本书收录了八十二部作品和五十四位作曲家,按照与音乐剧、作曲家、歌词作者、舞台监督、导演、乐队指挥以及演员等代表人物的私人会面的结果进行了叙述。 | |
| 606 | 0 | @a歌舞剧@x简介@y世界 |
| 690 | @aJ833@v4 | |
| 701 | 1 | @c(德)@a普弗里希特@9pu fu li xi te@bS.@4编著 |
| 701 | 1 | @c(德)@aPflicht@bStephan@4编著 |
| 702 | 0 | @a杨祖群@9yang zu qun@4译 |
| 801 | 0 | @aCN@bNLC@c20091221 |
| 905 | @b20797726-30@dJ833@e112@f5 | |
| 音乐剧指南/施特凡·普弗里希特(Stephan Pflicht)编著/杨祖群译.-长沙:湖南文艺出版社,2008.01 |
| 447页:剧照;23cm |
| ISBN 978-7-5404-4064-0:CNY48.00 |
| 本书收录了八十二部作品和五十四位作曲家,按照与音乐剧、作曲家、歌词作者、舞台监督、导演、乐队指挥以及演员等代表人物的私人会面的结果进行了叙述。 |
| ● |
| 相关链接 |
|
|
|
|
正题名:音乐剧指南
索取号:J833/112
 
预约/预借
| 序号 | 登录号 | 条形码 | 馆藏地/架位号 | 状态 | 备注 |
| 1 | 797726 | 207977260 | 第一样本阅览室/ [索取号:J833/112] | 在馆 | |
| 2 | 797727 | 207977279 | 第一借阅区/ [索取号:J833/112] | 在馆 | |
| 3 | 797728 | 207977288 | 第一借阅区/ [索取号:J833/112] | 在馆 | |
| 4 | 797729 | 207977297 | 第一借阅区/ [索取号:J833/112] | 在馆 | |
| 5 | 797730 | 207977304 | 音乐系资料室/ [索取号:J833/112] | 在馆 |